Quizzes
Events
Quiz Creation
Community
Videos
Private Events
Remove Ads
Sign In
Join for FREE
Feedback
Dark Mode
Quiz Categories
Sports
Geography
Music
Movies
Television
Just For Fun
Miscellaneous
History
Literature
Language
Science
Gaming
Entertainment
Religion
Holiday
For Kids
Quiz Lab
Recent
Popular Today
Quiz Kudos Today
Editor Picks
Curator Picks
Quizzes by...
Day
Popularity
Type
Ratings
Length
Year
Community
Subscriptions
Recent Discussions
Orange Saloon
Badges
Playlists
Quests
Create
Leaderboards
Showdown
Live 5
Trivia Bingo
Activity
Puzzle Library
Sporcle Events
Private Events
Virtual Trivia
Globe League
Become a Host
Pub Owners
SporcleCon
Opinionation
Our Games
Videos
Blog
Mobile Apps
Partnerships
Remove Ads and Go Orange
Feedback
Language
Vocabulary
Begins and Ends
Definition
Spanish
French
German
Italian
Chinese
Latin
Translation
Japanese
Language
Vocabulary
Begins and Ends
Definition
Spanish
French
German
Italian
Chinese
Latin
Translation
Japanese
Random Quiz
Search Sporcle
×
Quiz Lab
Quiz Lab
Language
Definition
Select answers by clicking on text or image buttons
Select answers by clicking on text or image buttons
Clickable
Best Score? Go Orange.
ISEE Upper Level Vocab 5 Stats
Can you pick the correct vocabulary word to go with the definition?
By
Mr_J
10m
16 Questions
77 Plays
77 Plays
77 Plays
Comments
Comments
Give Quiz Kudos
Give Quiz Kudos
-
- Ratings
hide this ad
Forced Order
Answers have to be entered in order
Answers have to be entered in order
Replay
Link that replays current quiz
Next Quiz
Link to next quiz in quiz playlist
You Got
0%
They Got
Avg Score
82%
Avg Friend Score
Upgrade to see
Score Distribution
Jump to the score distribution portion of the page
Score
0/16
Timer
10:00
0
Plays Today
% Correct
domestic
92.2%
eloquent
90.9%
egress
89.6%
frugal
89.6%
floatsam
88.3%
deft
85.7%
elegy
84.4%
fallacy
84.4%
% Correct
epitome
81.8%
facet
81.8%
disparage
79.2%
germane
79.2%
esoteric
75.3%
ephemeral
72.7%
feign
72.7%
fallow
71.4%
Quiz Playlist
Details
Report
Send in Message
Add To Playlist
Clickable:
Select answers by clicking on text or image buttons
Forced Order:
Answers have to be entered in order
Last Updated: Feb 16, 2017
Quiz Scoreboard
CHALLENGE
Sign Up to Join the Scoreboard
Show All
Scores
Hide
Comments
May contain spoilers
Recently Published
1-10 Letter E Words III
by El_Dandy
Language
2m
One Thing in Common: World Cities II
by knightlancer
Geography
7m
Popular People in 1961
by mucciniale
History
6m
More to Explore
Quiz From the Vault
Featured Blog Post
Where Did the Easter Bunny Come From?
hide this ad
You Might Also Like...
Tags
Clickable Quiz
Definition Quiz
Vocabulary Quiz
Level
Upper
Today's Top Quizzes in Language
Browse Language
hide this ad
Today's Top Quizzes in Definition
Browse Definition
Top Contributed Quizzes in Language
1
Order Up: Top 10 Most Native Spoken Languages
2
1-10 Letter F Words III
3
1-10 Letter G Words III
4
Hiragana Speed Reading
5
1-10 Letter H Words III
6
Vocabulary 5
7
One Thing in Common: Italy
8
1-10 Letter I Words III
9
Begins and Ends With AN
10
1-10 Letter J Words III
Explore More
Trending Topics
Kpop
Harry Potter
Marvel
Crossword
NBA
Disney
Anime
WWE
Puzzle
The Office
Country
Pokémon
Soccer
Song
NFL
hide this ad
More By:
Mr_J
Quiz
Plays
Rating
Category
Featured
Created
Percents, Decimals, and Fractions
1,209
4.00
Science
Nov 24, 2015
Arithmetic Properties
537
5.00
Science
Dec 9, 2013
ISEE Vocabulary Part 1
119
5.00
Language
Mar 24, 2015
ISEE Vocabulary 11
101
Language
Dec 17, 2015
Adding Fractions (Positives and Negatives)
96
3.00
Science
Aug 24, 2016
Go to Creator's Profile
Score Distribution
Quiz Creator Spotlight
Mr_J
Follow
Send a Message
Quizzes Created
-
Created Quiz Play Count
-
More By This Creator
Popular Quizzes Today
1
Find the US States - No Outlines Minefield
2
The Countries of the World
3
Popular People in 1961
4
Find the Countries of Europe - No Outlines Minefield
5
1-10 Letter E Words III
6
Find the US States
7
One Thing in Common: World Cities II
8
US States
More Language Quizzes
Pen Words
Editor's Pick
Trending Quizzes
1-10 Letter F Words
One Thing in Common: Music
1-10 Letter G Words
Risky Map Clicking: Next State Alphabetically
1-10 Letter F Words II
Recently Updated
Leaping Animals
pecheneg
Reality TV Shows (A-Z)
bhenderson79
Rickey Henderson's Hall of Fame Teammates
pecheneg
Champions League XIs: Arsenal
pecheneg
Quick Pick: Celebrities in WWE's Hall of Fame
aduchscher
A-Z Keypad Blitz II
pecheneg
Multiple Oscar Actors
pecheneg
Mystery Phrase Blitz: Oscar 'Best Actors'
pecheneg
F. Scott Fitzgerald Novels
LTH
Pick 3 Villains
ddd62291
Trending Topics
Crossword
Kpop
Anime
Marvel
NBA
Harry Potter
Disney
Soccer
WWE
Pokémon
NFL
Country
Puzzle
The Office
Song
Your Account Isn't Verified!
In order to create a playlist on Sporcle, you need to verify the email address you used during registration. Go to your
Sporcle Settings
to finish the process.
Report this User
Report this user for behavior that violates our
Community Guidelines
.
Details:
Send Report
Go to the Sporcle.com Mobile Site →
Comments